Seven miracles that saved America (Record no. 80285)
[ view plain ]
| 000 -LEADER | |
|---|---|
| fixed length control field | 01793cim a2200493Ma 4500 |
| 001 - CONTROL NUMBER | |
| control field | ocn693517393 |
| 003 - CONTROL NUMBER IDENTIFIER | |
| control field | OCoLC |
| 005 - DATE AND TIME OF LATEST TRANSACTION | |
| control field | 20241220131442.0 |
| 007 - PHYSICAL DESCRIPTION FIXED FIELD--GENERAL INFORMATION | |
| fixed length control field | sd fungnnmmned |
| 008 - FIXED-LENGTH DATA ELEMENTS--GENERAL INFORMATION | |
| fixed length control field | 100903s2010 utunnnn hz n eng d |
| 020 ## - INTERNATIONAL STANDARD BOOK NUMBER | |
| International Standard Book Number | 9781606418673 |
| 020 ## - INTERNATIONAL STANDARD BOOK NUMBER | |
| International Standard Book Number | 160641867X |
| 028 01 - PUBLISHER NUMBER | |
| Publisher number | DC274 |
| Source | Recorded Books |
| 035 ## - SYSTEM CONTROL NUMBER | |
| System control number | (OCoLC)693517393 |
| Canceled/invalid control number | (OCoLC)630497932 |
| 040 ## - CATALOGING SOURCE | |
| Original cataloging agency | RECBX |
| Transcribing agency | RECBX |
| Modifying agency | BTCTA |
| -- | UINTA |
| Description conventions | rda |
| 049 ## - LOCAL HOLDINGS (OCLC) | |
| Holding library | UCLB |
| 050 14 - LIBRARY OF CONGRESS CALL NUMBER | |
| Classification number | E179 |
| Item number | .S845 2010b |
| 082 04 - DEWEY DECIMAL CLASSIFICATION NUMBER | |
| Classification number | 973 |
| Edition number | 22 |
| 092 ## - LOCALLY ASSIGNED DEWEY CALL NUMBER (OCLC) | |
| Classification number | 973 STEWART |
| 100 1# - MAIN ENTRY--PERSONAL NAME | |
| Personal name | Stewart, Chris, |
| Dates associated with a name | 1960- |
| 9 (RLIN) | 45686 |
| 245 10 - TITLE STATEMENT | |
| Title | Seven miracles that saved America |
| Medium | [sound recording] : |
| Remainder of title | why they matter and why we should have hope / |
| Statement of responsibility, etc | Chris Stewart and Ted Stewart. |
| 250 ## - EDITION STATEMENT | |
| Edition statement | Unabridged. |
| 260 ## - PUBLICATION, DISTRIBUTION, ETC. (IMPRINT) | |
| Place of publication, distribution, etc | Salt Lake City, UT : |
| Name of publisher, distributor, etc | Shadow Mountain ; |
| Place of publication, distribution, etc | Prince Frederick, MD : |
| Name of publisher, distributor, etc | Distributed by Recorded Books, |
| Date of publication, distribution, etc | p2010. |
| 264 ## - Production, Publication, Distribution, Manufacture, and Copyright Notice. | |
| Place of production, publication, distribution, manufacture | Salt Lake City, UT : |
| Name of producer, publisher, distributor, manufacturer | Shadow Mountain ; |
| Date of production, publication, distribution, manufacture, or copyr | p2010. |
| 300 ## - PHYSICAL DESCRIPTION | |
| Extent | 9 sound discs (11 hr.) : |
| Other physical details | digital ; |
| Dimensions | 4 3/4 in. |
| 500 ## - GENERAL NOTE | |
| General note | Compact disc. |
| 500 ## - GENERAL NOTE | |
| General note | Title from container. |
| 500 ## - GENERAL NOTE | |
| General note | In container (17 cm.). |
| 511 0# - PARTICIPANT OR PERFORMER NOTE | |
| Participant or performer note | Narrated by Mark Van Wagoner and Art Allen. |
| 520 ## - SUMMARY, ETC. | |
| Summary, etc | The authors provide evidence of the hand of Providence preserving the United States. |
| 650 #0 - SUBJECT ADDED ENTRY--TOPICAL TERM | |
| Topical term or geographic name as entry element | Miracles. |
| 9 (RLIN) | 6227430 |
| 651 #0 - SUBJECT ADDED ENTRY--GEOGRAPHIC NAME | |
| Geographic name | United States |
| General subdivision | History |
| -- | Religious aspects |
| -- | Christianity. |
| 9 (RLIN) | 100377 |
| 651 #0 - SUBJECT ADDED ENTRY--GEOGRAPHIC NAME | |
| Geographic name | America |
| General subdivision | Discovery and exploration. |
| 9 (RLIN) | 79124 |
| 655 #0 - INDEX TERM--GENRE/FORM | |
| Genre/form data or focus term | Audiobooks. |
| 9 (RLIN) | 6227431 |
| 700 1# - ADDED ENTRY--PERSONAL NAME | |
| Personal name | Stewart, Ted. |
| 9 (RLIN) | 5865329 |
| 700 1# - ADDED ENTRY--PERSONAL NAME | |
| Personal name | Van Wagoner, Mark. |
| Relator code | nrt |
| 9 (RLIN) | 5865330 |
| 700 1# - ADDED ENTRY--PERSONAL NAME | |
| Personal name | Allen, Art. |
| Relator code | nrt |
| 9 (RLIN) | 5837489 |
| 710 2# - ADDED ENTRY--CORPORATE NAME | |
| Corporate name or jurisdiction name as entry element | Shadow Mountain (Firm) |
| 9 (RLIN) | 5732487 |
| 710 2# - ADDED ENTRY--CORPORATE NAME | |
| Corporate name or jurisdiction name as entry element | Recorded Books, LLC. |
| 9 (RLIN) | 5674251 |
| 942 ## - ADDED ENTRY ELEMENTS (KOHA) | |
| Koha item type | Audiobook on CD |
| Source of classification or shelving scheme | Dewey Decimal Classification |
| Withdrawn status | Lost status | Source of classification or shelving scheme | Materials specified (bound volume or other part) | Damaged status | Not for loan | Collection code | Home library | Current library | Shelving location | Date acquired | Source of acquisition | Cost, normal purchase price | Total Checkouts | Total Renewals | Full call number | Barcode | Date last seen | Date checked out | Cost, replacement price | Price effective from | Koha item type |
|---|---|---|---|---|---|---|---|---|---|---|---|---|---|---|---|---|---|---|---|---|---|
| Dewey Decimal Classification | .CIRCNOTE. 9 discs | Audiobooks | Wasatch County Library | Wasatch County Library | Second Floor | 12/14/2010 | 39.99 | 49 | 2 | CD 973 Ste | 34301000931099 | 07/18/2024 | 12/05/2023 | 39.99 | 03/20/2020 | Audiobook on CD |
